Enterpreneurship Development (Record no. 4042)

MARC details
000 -LEADER
fixed length control field 00406nam a22001697a 4500
005 - DATE AND TIME OF LATEST TRANSACTION
control field 20180703151456.0
008 - FIXED-LENGTH DATA ELEMENTS--GENERAL INFORMATION
fixed length control field 160625b xxu||||| |||| 00| 0 eng d
020 ## - INTERNATIONAL STANDARD BOOK NUMBER
ISBN 978-81-8488-550-1
041 ## - LANGUAGE CODE
Language code of text/sound track or separate title eng
082 ## - DEWEY DECIMAL CLASSIFICATION NUMBER
Item number 10095
Classification number 658.11
100 ## - MAIN ENTRY--AUTHOR NAME
Personal name Gordon, E and others
245 ## - TITLE STATEMENT
Title Enterpreneurship Development
260 ## - PUBLICATION, DISTRIBUTION, ETC. (IMPRINT)
Name of publisher HPH
Year of publication 2009
300 ## - PHYSICAL DESCRIPTION
Number of Pages 133p,
650 ## - SUBJECT ADDED ENTRY--TOPICAL TERM
Topical Term Management
942 ## - ADDED ENTRY ELEMENTS (KOHA)
Koha item type Books
Holdings
Lost status Damaged status Collection code Home library Current library Shelving location Date acquired Cost, normal purchase price Full call number Accession Number Koha item type
    MANAGEMENT JRU Library JRU Library SHELF-70 F 25/06/2016 115.00 658.11 10095 Books
    MANAGEMENT JRU Library JRU Library SHELF-70 F 25/06/2016 115.00 658.11 10096 Books
    MANAGEMENT JRU Library JRU Library SHELF-70 F 25/06/2016 115.00 658.11 10097 Books
    MANAGEMENT JRU Library JRU Library SHELF-70 F 25/06/2016 115.00 658.11 10098 Books